|
|
|
|
| LEADER |
00746naa a2200181 i 4500 |
| 001 |
acta60857 |
| 005 |
20260224081030.0 |
| 008 |
190829s2012 hu o 100 hun d |
| 040 |
|
|
|a SZTE Egyetemi Kiadványok Repozitórium
|b hun
|
| 041 |
|
|
|a hun
|
| 100 |
2 |
|
|a Horváth Cz. János
|
| 245 |
1 |
0 |
|a Hallgatói µ-tartalmak mérési lehetőségei
|h [elektronikus dokumentum] /
|c Horváth Cz. János
|
| 260 |
|
|
|c 2012
|
| 300 |
|
|
|a 113
|
| 490 |
0 |
|
|a Pedagógiai Értékelési Konferencia
|v 10
|
| 695 |
|
|
|a Pedagógia - digitális - előadáskivonat, Oktatás - számítógép alkalmazása - előadáskivonat
|
| 710 |
|
|
|a Pedagógiai Értékelési Konferencia (10.) (2012) (Szeged)
|
| 856 |
4 |
0 |
|u http://acta.bibl.u-szeged.hu/60857/1/pek_2012_113.pdf
|z Dokumentum-elérés
|